000 00468nam a2200169Ia 4500
008 240729s9999 xx 000 0 und d
022 _a2455-3719
245 0 _aJournal of Limb Lengthening & Reconstruction
260 _aIndia
260 _bWolters Kluwer Medknow Publications
650 _a Orthopedic surgery
650 _a Surgery
650 _aMedicine
856 _uhttps://doaj.org/toc/510d35c69c5f4b13982418f04999ae59
942 _2ddc
942 _cDOAJEJ
999 _c71541
_d71541
945 _a1
_bMadushi Gamage
_c1
_dMadushi Gamage